Communicating Climate How to Transmit Your Climate Message and Avoid Greenwashing
Gespeichert in:
| 1. Verfasser: | |
|---|---|
| Format: | Buch |
| Sprache: | Englisch |
| Veröffentlicht: |
Leeds
Emerald Publishing
2024
|
| Ausgabe: | 1st Edition |
| Schlagworte: | |
| Tags: |
Keine Tags, Fügen Sie das erste Tag hinzu!
|
MARC
| LEADER | 00000nam a2200000 4500 | ||
|---|---|---|---|
| 001 | 0311416 | ||
| 005 | 20250815101239.6 | ||
| 020 | |a 978-1-83753-640-5 | ||
| 041 | 0 | |a eng | |
| 044 | |a GB | ||
| 245 | 1 | 0 | |a Communicating Climate |b How to Transmit Your Climate Message and Avoid Greenwashing |c by Eleanor Ross |
| 250 | |a 1st Edition | ||
| 264 | 1 | |a Leeds |b Emerald Publishing |c 2024 | |
| 300 | |a 206 s. | ||
| 500 | |a Emerald e-books. | ||
| 610 | 2 | 0 | |a ochrana prostredia životného |
| 610 | 2 | 0 | |a zmeny klimatické |
| 610 | 2 | 0 | |a politika ekologická |
| 610 | 2 | 0 | |a politika environmentálna |
| 610 | 2 | 0 | |a rozvoj trvalo udržateľný |
| 610 | 2 | 0 | |a prostredie životné |
| 100 | 1 | |a Ross, Eleanor | |